Global development finance 2009 : (Record no. 15538)

000 -LEADER
fixed length control field 00716cam a2200241 a 4500
020 ## - INTERNATIONAL STANDARD BOOK NUMBER
ISBN 9780821378403 (v. 1 : pbk.)
020 ## - INTERNATIONAL STANDARD BOOK NUMBER
ISBN 0821378406 (v. 1 : pbk.)
020 ## - INTERNATIONAL STANDARD BOOK NUMBER
ISBN 9780821378427 (v. 2)
020 ## - INTERNATIONAL STANDARD BOOK NUMBER
ISBN 0821378422 (v. 2)
040 ## - CATALOGING SOURCE
Transcribing agency AMAUA
082 04 - DEWEY DECIMAL CLASSIFICATION NUMBER
Classification number 336 WOR 2009 A077 Or.
245 00 - TITLE STATEMENT
Title Global development finance 2009 :
Remainder of title charting a global recovery /
246 30 - VARYING FORM OF TITLE
Title proper/short title Charting a global recovery
260 ## - PUBLICATION, DISTRIBUTION, ETC. (IMPRINT)
Place of publication Washington D.C. :
Name of publisher World Bank,
Year of publication c2009.
300 ## - PHYSICAL DESCRIPTION
Number of Pages 2 v. :
Other physical details ill., tables ;
Dimensions 28 cm.
650 #0 - SUBJECT ADDED ENTRY--TOPICAL TERM
Topical Term Debts, External
650 #0 - SUBJECT ADDED ENTRY--TOPICAL TERM
Topical Term Finance
650 #0 - SUBJECT ADDED ENTRY--TOPICAL TERM
Topical Term International finance.
650 #0 - SUBJECT ADDED ENTRY--TOPICAL TERM
Topical Term Investments, Foreign
710 2# - ADDED ENTRY--CORPORATE NAME
Corporate name or jurisdiction name as entry element World Bank.
856 42 - ELECTRONIC LOCATION AND ACCESS
Uniform Resource Identifier http://www.worldbank.org
942 ## - ADDED ENTRY ELEMENTS (KOHA)
Koha item type សៀវភៅភាសាអង់គ្លេស
952 ## - LOCATION AND ITEM INFORMATION (KOHA)
Withdrawn status [LOCAL, KOHA] 0
Holdings
Permanent Location Date acquired Koha item type Lost status Shelving location Barcode Current Location Full call number
Library Block A2017-11-29សៀវភៅភាសាអង់គ្លេស A077A07283Library Block A336 WOR 2009 A077 Or.
មជ្ឈមណ្ឌលឯការនៃសាកលវិទ្យាល័យភូមិន្ទកសិកម្មចំការដូង

Powered by Koha